000 00814nam a22003010a 4500
001 PT62341
003 AR-LpoUNG
005 20210131232105.0
008 191001s2018||||ag |||||||||||||||||spa d
020 _a9789877473063
_c$54.46
040 _aAR-LpoUNG
_bspa
_cAR-LpoUNG
_eaacr
041 _aspa
044 _aag
082 0 _a808.068 3 586dia
100 1 _aSilva, Flávia Lins e
245 1 0 _aDiario de Pilar en Machu Picchu
250 _a1ra. ed., 2da. reimpr.
260 _aBuenos Aires :
_bV&R,
_c2018.
300 _a168 p. :
_bil.
505 0 _aSugerido a partir de 12 años (etiqueta FUCSIA)
650 4 _aLITERATURA
650 4 _aNOVELAS
653 _aLITERATURA INFANTOJUVENIL
700 1 _aGugliotella, Hernán
_etr.
700 1 _aPenna, Joana
_eil.
905 _a62341
942 _cLIB
999 _c13706
_d13706